Lana Del Rey songs beginning with letter "H" - Statistics

General Stats
  • This quiz has been taken 89 times
  • The average score is 4 of 6
Answer Stats
Hint Answer % Correct
Honeymoon Honeymoon
94%
Norman fucking Rockwell Happiness is a butterfly
76%
Honeymoon High by the beach
72%
Lust for life Heroin
68%
Norman fucking Rockwell Hope is a dangerous thing for a woman like me to have - but i have it
64%
Norman fucking Rockwell How to disappear
64%
No matching quizzes found
Score Distribution
Percent of People with Each Score
Percentile by Number Answered
Your Score History
You have not taken this quiz